| 000 | 01096nac a22003377a 4500 | ||
|---|---|---|---|
| 001 | BR9802231 | ||
| 003 | BR-BrBNA | ||
| 005 | 20240105122022.0 | ||
| 008 | 230509b bl.|||m| |||| 00| 0 por d | ||
| 040 |
_aBR-BrBNA _bpor _cBiblioteca Nacional de Agricultura |
||
| 072 | _aE16; E70 | ||
| 090 | _a1740 BR9802231 | ||
| 100 | 1 | _aDebarba, J.F. | |
| 100 | 1 | _aThomazelli, L.F. | |
| 100 | 1 | _aGandin, C.L. | |
| 100 | 1 | _aSilva, E. | |
| 110 | 1 | _aEmpresa de Pesquisa Agropecuaria e de Extensao Rural de Santa Catarina S.A., Florianopolis (Brasil) | |
| 245 | 1 | _aCadeias produtivas do Estado de Santa Catarina: cebola | |
| 260 | 3 |
_aFlorianopolis, SC (Brasil): _c1998. |
|
| 300 | _a115 p. | ||
| 490 |
_aBoletim Tecnico - Empresa de Pesquisa Agropecuaria e Extensao Rural de Santa Catarina S.A. (Brazil) _vno. 96 _xISSN 0100-7416 |
||
| 500 | _a58 tables | ||
| 650 | _aCebola | ||
| 650 | _aProducao Vegetal | ||
| 650 | _aConsumo | ||
| 650 | _aComercializacao | ||
| 650 | _aProdutividade | ||
| 650 | _aMercado | ||
| 909 |
_a202312 _bLúcia Elande _c55 _dLúcia Elande |
||
| 942 |
_2AGRIS _n0 _cMS |
||
| 999 |
_c288763 _d288763 |
||